[Event "Mindsports Open 4th"]
[Site "London"]
[Date "2024.07.20"]
[Round "5.13"]
[White "Merriman, John"]
[Black "Sooraj, M R"]
[Result "1-0"]
[WhiteElo "2251"]
[BlackElo "1999"]
[PlyCount "69"]
[EventDate "2024.07.18"]
[EventType "swiss"]
[EventRounds "9"]
[EventCountry "ENG"]
[SourceTitle "BritBase"]
[Source "John Saunders"]
[SourceDate "2024.08.27"]
[SourceVersion "1"]
[SourceVersionDate "2024.08.27"]
[SourceQuality "1"]

1. d4 f5 2. g3 Nf6 3. Bg2 g6 4. Nh3 Bg7 5. Nd2 d6 6. c3 e5 7. O-O Nc6 8. dxe5 dxe5 9. e4 O-O 10. exf5 gxf5 11. Ng5 Qe7 12. Re1 Ng4 13. Nb3 h6 14. Nf3 Be6 15. h3 Rfd8 16. Qe2 Nf6 17. Nxe5 Bxb3 18. Bxc6 Bd5 19. Bxd5+ Nxd5 20. Bd2 Rd6 21. Nc4 Qxe2 22. Rxe2 Rc6 23. Ne3 Ne7 24. Ng2 Nd5 25. Rae1 Nb6 26. Nh4 Rf8 27. Kg2 Nc4 28. Bc1 Nd6 29. Ng6 Ra6 30. Nxf8 Bxf8 31. a3 b5 32. Re6 Kh7 33. R1e5 Rb6 34. Be3 Rb7 35. Bc5 1-0

[Event "Mindsports Open 4th"]
[Site "London"]
[Date "2024.07.20"]
[Round "5.14"]
[White "Antolak, Julia"]
[Black "Karas, Eugenia"]
[Result "1-0"]
[WhiteElo "2333"]
[BlackElo "2173"]
[PlyCount "73"]
[EventDate "2024.07.18"]
[EventType "swiss"]
[EventRounds "9"]
[EventCountry "ENG"]
[SourceTitle "BritBase"]
[Source "John Saunders"]
[SourceDate "2024.08.27"]
[SourceVersion "1"]
[SourceVersionDate "2024.08.27"]
[SourceQuality "1"]

1. d4 Nf6 2. c4 e6 3. Nc3 d5 4. Bg5 Be7 5. e3 Nbd7 6. Nf3 O-O 7. Qc2 c6 8. Rd1 b6 9. Bd3 Ba6 10. b3 h6 11. Bh4 Ne8 12. Bg3 f5 13. O-O g5 14. Ne5 Nxe5 15. Bxe5 Bf6 16. cxd5 Bxd3 17. Qxd3 cxd5 18. Rc1 Bxe5 19. dxe5 Nc7 20. Ne2 Qd7 21. Nd4 Rac8 22. Rc6 Rfe8 23. Rfc1 Na8 24. g4 Rxc6 25. Rxc6 Nc7 26. gxf5 exf5 27. Qxf5 Qxf5 28. Nxf5 Rxe5 29. Nxh6+ Kg7 30. Rxc7+ Kxh6 31. Rxa7 b5 32. Rb7 d4 33. exd4 Rd5 34. Kg2 Kg6 35. Kf3 Kf5 36. Ke3 g4 37. Re7 1-0

[Event "Mindsports Open 4th"]
[Site "London"]
[Date "2024.07.20"]
[Round "5.15"]
[White "Eames, Robert S"]
[Black "Fitzsimons, David"]
[Result "0-1"]
[WhiteElo "2148"]
[BlackElo "2320"]
[PlyCount "148"]
[EventDate "2024.07.18"]
[EventType "swiss"]
[EventRounds "9"]
[EventCountry "ENG"]
[SourceTitle "BritBase"]
[Source "John Saunders"]
[SourceDate "2024.08.27"]
[SourceVersion "1"]
[SourceVersionDate "2024.08.27"]
[SourceQuality "1"]

1. e4 c5 2. c3 d5 3. exd5 Qxd5 4. d4 Nf6 5. Nf3 e6 6. Na3 a6 7. Nc4 Nbd7 8. Ne3 Qc6 9. Be2 b5 10. Ne5 Qb6 11. Bf3 Bb7 12. Nxd7 Nxd7 13. Bxb7 Qxb7 14. d5 Rd8 15. Qe2 e5 16. b3 g6 17. c4 Bg7 18. Bb2 O-O 19. O-O Rfe8 20. Rad1 Nf6 21. f3 Re7 22. g3 Ne8 23. Ng4 Nd6 24. Rfe1 bxc4 25. bxc4 Nxc4 26. Qxc4 Qxb2 27. Qxc5 Red7 28. d6 Qb5 29. Qxb5 axb5 30. Nxe5 Rxd6 31. Rxd6 Rxd6 32. f4 Rd2 33. a3 f6 34. Nf3 Rb2 35. Re8+ Bf8 36. Rb8 Kf7 37. Rb7+ Ke8 38. Rb8+ Kf7 39. Rb7+ Kg8 40. Rb8 Kg7 41. Rb7+ Kh6 42. g4 Bc5+ 43. Kh1 Be3 44. g5+ fxg5 45. fxg5+ Kh5 46. h3 h6 47. gxh6 Kxh6 48. Re7 Bc5 49. Re6 Bxa3 50. Ne5 Kg5 51. Nxg6 Kf5 52. Ra6 Bc5 53. Nh4+ Kg5 54. Ng6 Kf5 55. Nh4+ Ke4 56. Re6+ Kf4 57. Rg6 b4 58. Rg4+ Ke5 59. Ng6+ Kf5 60. Nh4+ Kf6 61. Rc4 Bf2 62. Nf3 Ke6 63. h4 Kd5 64. Rg4 b3 65. Rb4 Bc5 66. Rb8 Bd6 67. Rb5+ Kc4 68. Rb7 Rf2 69. Ng5 Rh2+ 70. Kg1 Rxh4 71. Nf3 Rg4+ 72. Kf2 Kc3 73. Rb5 b2 74. Ke3 Rb4 0-1

[Event "Mindsports Open 4th"]
[Site "London"]
[Date "2024.07.20"]
[Round "5.16"]
[White "Shearsby, Jude"]
[Black "Lim, Zhuo Ren"]
[Result "1/2-1/2"]
[WhiteElo "2130"]
[BlackElo "2251"]
[PlyCount "105"]
[EventDate "2024.07.18"]
[EventType "swiss"]
[EventRounds "9"]
[EventCountry "ENG"]
[SourceTitle "BritBase"]
[Source "John Saunders"]
[SourceDate "2024.08.27"]
[SourceVersion "1"]
[SourceVersionDate "2024.08.27"]
[SourceQuality "1"]

1. e4 c5 2. Nf3 d6 3. d4 cxd4 4. Nxd4 Nf6 5. Nc3 a6 6. Be3 e5 7. Nb3 Be6 8. f3 Nbd7 9. Qd2 b5 10. O-O-O h5 11. Nd5 Bxd5 12. exd5 Rc8 13. Qa5 Qxa5 14. Nxa5 Be7 15. Bf2 Bd8 16. Nc6 Nb8 17. Nxd8 Kxd8 18. Bd3 Nbd7 19. Rhe1 h4 20. Bf5 g6 21. Bh3 g5 22. Re3 Kc7 23. Rb3 Kd8 24. Ra3 Ra8 25. Rc3 Ke7 26. Rc6 Nh5 27. Rc7 Rhd8 28. Bb6 Nf4 29. Bg4 Ke8 {(=)} 30. Ba5 Nf6 31. Rc6 Nxg4 32. Bxd8 Ne3 33. Bxg5 Nxd1 34. Kxd1 Kd7 35. Bxf4 exf4 36. c4 Rg8 37. cxb5 axb5 38. Rc2 Rg5 39. Rd2 Kc7 40. Kc2 Kb6 41. Kc3 Kc5 42. b4+ Kb6 43. Kd4 f5 44. Rc2 Kb7 45. Kc3 Rg8 46. Kb3 Re8 47. Rd2 Re3+ 48. Kc2 h3 49. gxh3 Rxf3 50. h4 Rh3 51. Rf2 Rxh4 52. h3 Rxh3 53. Rxf4 1/2-1/2

[Event "Mindsports Open 4th"]
[Site "London"]
[Date "2024.07.20"]
[Round "5.17"]
[White "Khoury, Theo"]
[Black "Patel, Zain"]
[Result "1/2-1/2"]
[WhiteElo "2113"]
[BlackElo "1958"]
[PlyCount "77"]
[EventDate "2024.07.18"]
[EventType "swiss"]
[EventRounds "9"]
[EventCountry "ENG"]
[SourceTitle "BritBase"]
[Source "John Saunders"]
[SourceDate "2024.08.27"]
[SourceVersion "1"]
[SourceVersionDate "2024.08.27"]
[SourceQuality "1"]

1. e4 c6 2. d4 d5 3. exd5 cxd5 4. Bd3 Nc6 5. c3 Nf6 6. Bf4 Bg4 7. Qb3 e5 8. h3 Na5 9. Qc2 exf4 10. hxg4 Nxg4 11. Qe2+ Qe7 12. Nh3 Nf6 13. Nxf4 Qxe2+ 14. Kxe2 g6 15. Re1 Bd6 16. Kf3+ Kf8 17. g4 Nc6 18. Nd2 Bxf4 19. Kxf4 Kg7 20. Nf1 Rhe8 21. f3 h6 22. Re3 Rxe3 23. Nxe3 Re8 24. Re1 Nd8 25. Kg3 Ne6 26. Bb5 Rc8 27. Ba4 h5 28. Bb3 hxg4 29. Nxd5 gxf3 30. Nxf6 Kxf6 31. Kxf3 g5 32. Bxe6 fxe6 33. Ke4 Rh8 34. Rf1+ Ke7 35. Rf2 Rh4+ 36. Ke3 Rh3+ 37. Ke4 Rh4+ 38. Ke3 Rh3+ 39. Ke4 1/2-1/2

[Event "Mindsports Open 4th"]
[Site "London"]
[Date "2024.07.20"]
[Round "5.18"]
[White "Bird, Joel"]
[Black "Verma, Shlok"]
[Result "1/2-1/2"]
[WhiteElo "1975"]
[BlackElo "2102"]
[PlyCount "70"]
[EventDate "2024.07.18"]
[EventType "swiss"]
[EventRounds "9"]
[EventCountry "ENG"]
[SourceTitle "BritBase"]
[Source "John Saunders"]
[SourceDate "2024.08.27"]
[SourceVersion "1"]
[SourceVersionDate "2024.08.27"]
[SourceQuality "1"]

1. e4 e6 2. d4 d5 3. Nc3 dxe4 4. Nxe4 Nd7 5. Bd3 Ngf6 6. Qe2 Be7 7. Nf3 O-O 8. O-O c5 9. dxc5 Nxc5 10. Nxc5 Bxc5 11. Bg5 Be7 12. c4 Qc7 13. Rfd1 h6 14. Bh4 Nh5 15. Bxe7 Qxe7 16. Qe4 Nf6 17. Qh4 Qc7 18. b4 Bd7 19. Bc2 a5 20. a3 Rfc8 21. Rac1 axb4 22. axb4 Ba4 23. c5 Bxc2 24. Rxc2 Ra4 25. Rdc1 Nd5 26. Rc4 b5 27. Rg4 f5 28. Rd4 Nxb4 29. h3 Nd3 30. Rxa4 bxa4 31. Rc3 Rb8 32. g3 Rb3 33. Qxa4 Rxc3 34. Qe8+ Kh7 35. Ng5+ hxg5 1/2-1/2

[Event "Mindsports Open 4th"]
[Site "London"]
[Date "2024.07.20"]
[Round "5.19"]
[White "Bharat Kumar, Balahari"]
[Black "Govindasamy, Nashlen"]
[Result "1-0"]
[WhiteElo "1989"]
[BlackElo "2081"]
[PlyCount "53"]
[EventDate "2024.07.18"]
[EventType "swiss"]
[EventRounds "9"]
[EventCountry "ENG"]
[SourceTitle "BritBase"]
[Source "John Saunders"]
[SourceDate "2024.08.27"]
[SourceVersion "1"]
[SourceVersionDate "2024.08.27"]
[SourceQuality "1"]

1. d4 Nf6 2. c4 e6 3. Nf3 d5 4. Nc3 Be7 5. Bg5 Nbd7 6. e3 h6 7. Bh4 O-O 8. Bd3 c5 9. O-O cxd4 10. exd4 dxc4 11. Bxc4 b6 12. Re1 Bb7 13. Qe2 Re8 14. Rad1 Nf8 15. Bb5 N6d7 16. Bxe7 Rxe7 17. d5 e5 18. d6 Re6 19. Bc4 e4 20. Bxe6 exf3 21. Bxf7+ Kxf7 22. Qc4+ Kg6 23. Re7 Kh5 24. Qf7+ g6 25. Rd5+ Bxd5 26. Qxd5+ g5 27. Qxf3+ 1-0

[Event "Mindsports Open 4th"]
[Site "London"]
[Date "2024.07.20"]
[Round "5.20"]
[White "Dias, Savin"]
[Black "Pal, Rohan"]
[Result "1/2-1/2"]
[WhiteElo "1954"]
[BlackElo "2077"]
[PlyCount "126"]
[EventDate "2024.07.18"]
[EventType "swiss"]
[EventRounds "9"]
[EventCountry "ENG"]
[SourceTitle "BritBase"]
[Source "John Saunders"]
[SourceDate "2024.08.27"]
[SourceVersion "1"]
[SourceVersionDate "2024.08.27"]
[SourceQuality "1"]

1. d4 Nf6 2. c4 e6 3. Nc3 d5 4. cxd5 exd5 5. Bg5 c6 6. e3 h6 7. Bh4 Be7 8. Bd3 O-O 9. Nf3 Re8 10. Qc2 Ne4 11. Bxe7 Qxe7 12. O-O Bf5 13. Nd2 Nxd2 14. Qxd2 Bxd3 15. Qxd3 Nd7 16. b4 a6 17. a4 Nb6 18. b5 axb5 19. axb5 c5 20. dxc5 Qxc5 21. Ne2 Qc4 22. Qxc4 dxc4 23. Nd4 Kf8 24. Rfc1 g6 25. Kf1 Ke7 26. Ke2 Kd6 27. Rab1 Ra2+ 28. Kf3 Kc5 29. Nb3+ {(=)} Kd6 30. Rd1+ Ke5 31. Nc5 Re7 32. Kg3 g5 33. Rd4 Rc7 34. Ne4 c3 35. Rc1 Ra3 36. f3 f5 37. Nf2 f4+ 38. Kg4 h5+ 39. Kxg5 Rg7+ 40. Kh6 Rxg2 41. Nd3+ Kf5 42. e4+ Ke6 43. Nc5+ Ke5 44. Rd8 c2 45. Nd3+ Rxd3 46. Rxd3 Nc4 47. Rd7 b6 48. Rc7 Ne3 49. Kxh5 Rxh2+ 50. Kg6 Rg2+ 51. Kf7 Kd4 52. Rc6 Kd3 53. e5 Rg5 54. e6 Rf5+ 55. Kg6 Rxb5 56. e7 Re5 57. Kf6 Rxe7 58. Kxe7 b5 59. Ke6 b4 60. Ke5 b3 61. R6xc2 bxc2 62. Kxf4 Kd2 63. Rxc2+ Nxc2 1/2-1/2

[Event "Mindsports Open 4th"]
[Site "London"]
[Date "2024.07.20"]
[Round "5.21"]
[White "Kolani, Arjun"]
[Black "Payne, Matthew J"]
[Result "0-1"]
[WhiteElo "2124"]
[BlackElo "2067"]
[PlyCount "110"]
[EventDate "2024.07.18"]
[EventType "swiss"]
[EventRounds "9"]
[EventCountry "ENG"]
[SourceTitle "BritBase"]
[Source "John Saunders"]
[SourceDate "2024.08.27"]
[SourceVersion "1"]
[SourceVersionDate "2024.08.27"]
[SourceQuality "1"]

1. e4 e6 2. d4 d5 3. Nc3 Nf6 4. e5 Nfd7 5. Nce2 c5 6. c3 Nc6 7. Nf3 cxd4 8. cxd4 f6 9. Nf4 Bb4+ 10. Bd2 Qe7 11. Bxb4 Qxb4+ 12. Qd2 Qe7 13. exf6 Nxf6 14. a3 O-O 15. Nd3 Qc7 16. Be2 Qb6 17. Qe3 Ng4 18. Qg5 Nh6 19. O-O Nxd4 20. Nxd4 Qxd4 21. Rac1 Bd7 22. Qe5 Qb6 23. Nc5 Rad8 24. Bd3 Rf6 25. Qe2 Nf7 26. f4 Nd6 27. Kh1 Bb5 28. Bxb5 Nxb5 29. Rfe1 Nd4 30. Qe3 Nf5 31. Qe5 Rc8 32. b4 Qc7 33. Nd3 Qd8 34. Nc5 Qe7 35. Ne4 Rff8 36. Rxc8 Rxc8 37. Nc5 g6 38. g4 Ng7 39. Qxd5 Rc6 40. Qf3 Qd6 41. Rd1 Qf8 42. Nxb7 Rc8 43. Nc5 Rd8 44. Rxd8 Qxd8 45. Qd3 Qf6 46. Qd2 h5 47. Ne4 Qa1+ 48. Kg2 Ne8 49. Qe3 hxg4 50. Ng5 Qa2+ 51. Kg3 Ng7 52. Qf2 Nh5+ 53. Kg2 Nxf4+ 54. Kg3 Nh5+ 55. Kg2 Qd5+ 0-1

[Event "Mindsports Open 4th"]
[Site "London"]
[Date "2024.07.20"]
[Round "5.22"]
[White "Wilks, Simon"]
[Black "Kovalskyi, Roman"]
[Result "1/2-1/2"]
[WhiteElo "2027"]
[BlackElo "1989"]
[PlyCount "112"]
[EventDate "2024.07.18"]
[EventType "swiss"]
[EventRounds "9"]
[EventCountry "ENG"]
[SourceTitle "BritBase"]
[Source "John Saunders"]
[SourceDate "2024.08.27"]
[SourceVersion "1"]
[SourceVersionDate "2024.08.27"]
[SourceQuality "1"]

1. e4 c5 2. Nf3 g6 3. c3 d5 4. exd5 Qxd5 5. Na3 Bg7 6. d4 cxd4 7. Nb5 Na6 8. Nbxd4 Nf6 9. Bb5+ Bd7 10. Bxa6 bxa6 11. O-O O-O 12. Re1 Rfe8 13. Ne5 Bc8 14. Ndf3 Bb7 15. Qxd5 Bxd5 16. Be3 a5 17. c4 Be6 18. Rac1 Ng4 19. Bd4 Nxe5 20. Bxe5 Bh6 21. Rc3 Rac8 22. b3 a4 23. Rd1 f6 24. Bd4 a6 25. Be3 Bg7 26. h3 Bf7 27. Rcd3 e5 28. Rd6 Ra8 29. Rb6 a5 30. Rd7 Reb8 31. Rdb7 Rxb7 32. Rxb7 axb3 33. axb3 a4 34. bxa4 Bxc4 35. Ba7 Bd5 36. Rc7 Bf8 37. Nh2 h5 38. Nf1 Bb3 39. a5 Bb4 40. a6 Ba5 41. Rd7 Bc4 42. Ne3 Bxa6 43. Bc5 Bb5 44. Re7 Bd8 45. Rb7 Bc6 46. Rb1 Kf7 47. Rd1 Bc7 48. Rc1 Ke6 49. Bb6 Kd7 50. Bxc7 Kxc7 51. Nd5+ Kd6 52. Nxf6 e4 53. Rc2 Ra3 54. Nh7 e3 55. Ng5 Bb5 56. fxe3 Rxe3 1/2-1/2

[Event "Mindsports Open 4th"]
[Site "London"]
[Date "2024.07.20"]
[Round "5.23"]
[White "Adams, Henry"]
[Black "Murawski, Jan"]
[Result "1/2-1/2"]
[WhiteElo "2000"]
[BlackElo "2121"]
[PlyCount "78"]
[EventDate "2024.07.18"]
[EventType "swiss"]
[EventRounds "9"]
[EventCountry "ENG"]
[SourceTitle "BritBase"]
[Source "John Saunders"]
[SourceDate "2024.08.27"]
[SourceVersion "1"]
[SourceVersionDate "2024.08.27"]
[SourceQuality "1"]

1. d4 Nf6 2. Nf3 d5 3. g3 e6 4. Bg2 Be7 5. O-O O-O 6. c4 dxc4 7. Qc2 a6 8. a4 Nbd7 9. Qxc4 b5 10. Qd3 Bb7 11. axb5 Be4 12. Qb3 axb5 13. Rxa8 Qxa8 14. Nc3 Bc6 15. Ne1 Bxg2 16. Nxg2 b4 17. Nb1 Qb7 18. Nd2 c5 19. Nf3 Rc8 20. dxc5 Nxc5 21. Qc4 Qe4 22. Qb5 Nd5 23. Ne3 Nb3 24. Nd2 Nxd2 25. Bxd2 h5 26. Qb7 Rd8 27. Nxd5 exd5 28. h4 Bxh4 29. Qxb4 Bf6 30. Qxe4 dxe4 31. Ba5 Rb8 32. b4 Be7 33. Rb1 Rb5 34. e3 f5 35. Kf1 Kf7 36. Ke2 Ke6 37. Kd2 Rd5+ 38. Ke2 Rb5 39. Kd2 Rd5+ 1/2-1/2

[Event "Mindsports Open 4th"]
[Site "London"]
[Date "2024.07.20"]
[Round "5.24"]
[White "Deepak Ambattu, Rithvik"]
[Black "Liu, Tianyi (Jack)"]
[Result "0-1"]
[WhiteElo "1978"]
[BlackElo "2098"]
[PlyCount "76"]
[EventDate "2024.07.18"]
[EventType "swiss"]
[EventRounds "9"]
[EventCountry "ENG"]
[SourceTitle "BritBase"]
[Source "John Saunders"]
[SourceDate "2024.08.27"]
[SourceVersion "1"]
[SourceVersionDate "2024.08.27"]
[SourceQuality "1"]

1. e4 c5 2. Nc3 Nc6 3. Nge2 e6 4. d4 cxd4 5. Nxd4 Nf6 6. Nxc6 bxc6 7. e5 Nd5 8. Ne4 Qc7 9. f4 Qb6 10. c4 Bb4+ 11. Ke2 f5 12. exf6 Nxf6 13. Be3 Qd8 14. Nd6+ Bxd6 15. Qxd6 Bb7 16. Rd1 Rc8 17. Qc5 Qc7 18. g3 Ne4 19. Qh5+ g6 20. Qh6 c5 21. Qg7 Rf8 22. Qxh7 Rf7 23. Qxg6 Qb6 24. Bg2 Qxb2+ 25. Kf1 Qc2 26. Qg8+ Rf8 27. Qg6+ Rf7 28. Qg8+ Ke7 29. Rxd7+ Kxd7 30. Qxf7+ Kd6 31. Bf3 Nxg3+ 32. hxg3 Bxf3 33. Bxc5+ Kxc5 34. Qxa7+ Kxc4 35. Qa6+ Kd4 36. Qd6+ Ke3 37. Qxe6+ Be4 38. Qb6+ Rc5 0-1

[Event "Mindsports Open 4th"]
[Site "London"]
[Date "2024.07.20"]
[Round "5.25"]
[White "Merriman, James"]
[Black "Dupuis, Denis K"]
[Result "1-0"]
[WhiteElo "1974"]
[BlackElo "2013"]
[PlyCount "135"]
[EventDate "2024.07.18"]
[EventType "swiss"]
[EventRounds "9"]
[EventCountry "ENG"]
[SourceTitle "BritBase"]
[Source "John Saunders"]
[SourceDate "2024.08.27"]
[SourceVersion "1"]
[SourceVersionDate "2024.08.27"]
[SourceQuality "1"]

1. d4 d5 2. c4 e6 3. Nc3 Nf6 4. cxd5 exd5 5. Bg5 c6 6. e3 Bf5 7. Qf3 Bg6 8. Bxf6 gxf6 9. Nge2 Na6 10. Nf4 Nc7 11. h4 h5 12. Bd3 Bxd3 13. Nxd3 Bd6 14. Nf4 Bxf4 15. Qxf4 Ne6 16. Qf3 Qe7 17. O-O-O O-O-O 18. Kb1 Kb8 19. Ne2 Nc7 20. Nf4 Nb5 21. Nxh5 Qb4 22. Ka1 a5 23. Nf4 a4 24. Nd3 Qa5 25. a3 Nd6 26. Qxf6 Ne4 27. Qe7 Nd2 28. Qb4 Qxb4 29. Nxb4 Ne4 30. Nd3 Rdg8 31. g3 Rh6 32. Rh2 Ng5 33. Ne5 Ne4 34. Nxf7 Rf6 35. Ne5 Rxf2 36. Rxf2 Nxf2 37. Rf1 Ne4 38. g4 Rh8 39. h5 Rh7 40. Rf7 Rh6 41. Ng6 Kc8 42. Kb1 Nd2+ 43. Kc2 Nc4 44. Rf3 Kd7 45. Ne5+ Nxe5 46. dxe5 Ke6 47. Rf5 c5 48. Kd3 Rh7 49. Ke2 b5 50. Kf3 b4 51. Kf4 c4 52. Rf6+ Ke7 53. Rd6 Rf7+ 54. Kg3 c3 55. bxc3 bxa3 56. Ra6 Rf1 57. Rxa4 Ra1 58. Kg2 Re1 59. Kf2 Ra1 60. Kg2 Re1 61. Rxa3 Rxe3 62. Kf2 Rxe5 63. Ra6 Re4 64. Kf3 Rc4 65. h6 Rxc3+ 66. Kf4 Kf7 67. g5 d4 68. g6+ 1-0

[Event "Mindsports Open 4th"]
[Site "London"]
[Date "2024.07.20"]
[Round "5.26"]
[White "Pandit, Kabir"]
[Black "O`Gorman, Alice"]
[Result "1-0"]
[WhiteElo "1950"]
[BlackElo "2003"]
[PlyCount "144"]
[EventDate "2024.07.18"]
[EventType "swiss"]
[EventRounds "9"]
[EventCountry "ENG"]
[SourceTitle "BritBase"]
[Source "John Saunders"]
[SourceDate "2024.08.27"]
[SourceVersion "1"]
[SourceVersionDate "2024.08.27"]
[SourceQuality "1"]

1. c4 e6 2. g3 d5 3. Bg2 c6 4. Nf3 Nf6 5. b3 Bd6 6. Bb2 O-O 7. O-O Re8 8. d4 Nbd7 9. Nbd2 e5 10. dxe5 Nxe5 11. Qc2 Qe7 12. a3 dxc4 13. bxc4 Nxf3+ 14. Bxf3 Be5 15. Bxe5 Qxe5 16. Qb3 Bh3 17. Rfe1 Rad8 18. Nf1 Re7 19. Qa4 Qc5 20. Qb4 Qxb4 21. axb4 a6 22. b5 axb5 23. cxb5 Ne4 24. bxc6 bxc6 25. Red1 Rde8 26. Rac1 c5 27. e3 Ng5 28. Be2 Ne6 29. Rd5 g6 30. Nd2 Kg7 31. e4 Ra8 32. f3 Rea7 33. Kf2 Ra2 34. Nb3 Rb2 35. Nxc5 Raa2 36. Re1 Nc7 37. Rdd1 Be6 38. Nd3 Rb8 39. Ra1 Rba8 40. Rxa2 Rxa2 41. Rc1 Nb5 42. Ke3 Na3 43. Ne1 Rb2 44. h4 Rb3+ 45. Kf4 h6 46. Bd3 Kf6 47. e5+ Kg7 48. Rc7 Rb4+ 49. Ke3 Rb3 50. Kd2 Rb2+ 51. Kc1 Rb6 52. Rc3 Nb5 53. Bxb5 Rxb5 54. f4 Bf5 55. Nf3 Rd5 56. Nd2 g5 57. hxg5 hxg5 58. Kd1 gxf4 59. gxf4 Rd4 60. Rc4 Rd7 61. Ke1 Bd3 62. Rc6 Bf5 63. Rf6 Bd3 64. Kf2 Rd5 65. Rd6 Rxd6 66. exd6 Kf6 67. Ke3 Ba6 68. Ne4+ Ke6 69. Nc5+ Kxd6 70. Nxa6 Ke6 71. Ke4 f5+ 72. Kd4 Kf6 1-0

[Event "Mindsports Open 4th"]
[Site "London"]
[Date "2024.07.20"]
[Round "5.27"]
[White "Ethelontis, Alexandros N"]
[Black "Brozel, Sacha"]
[Result "1-0"]
[WhiteElo "2001"]
[BlackElo "2124"]
[PlyCount "76"]
[EventDate "2024.07.18"]
[EventType "swiss"]
[EventRounds "9"]
[EventCountry "ENG"]
[SourceTitle "BritBase"]
[Source "John Saunders"]
[SourceDate "2024.08.27"]
[SourceVersion "1"]
[SourceVersionDate "2024.08.27"]
[SourceQuality "1"]

1. c4 c5 2. Nc3 g6 3. g3 Bg7 4. Bg2 Nc6 5. Nf3 e6 6. d4 cxd4 7. Nb5 d5 8. cxd5 Qa5+ 9. Nd2 Qxb5 10. dxc6 Ne7 11. Ne4 O-O 12. a4 Qb6 13. a5 Qc7 14. cxb7 Bxb7 15. O-O Bd5 16. Bd2 Rab8 17. Rc1 Qb7 18. Nc5 Qb5 19. Bxd5 Nxd5 20. Nd3 Rfc8 21. Rc2 h5 22. Qc1 Rxc2 23. Qxc2 e5 24. f3 f5 25. Rc1 e4 26. fxe4 fxe4 27. Nf4 d3 28. exd3 Bd4+ 29. Kh1 e3 30. Bc3 Rc8 31. Nxd5 Qxd5+ 32. Qg2 Qg5 33. Qe4 Bxc3 34. Qe6+ Kg7 35. Qxc8 Qd5+ 36. Kg1 Bd4 37. Qc7+ Kf6 38. Rf1+ Kg5 1-0

[Event "Mindsports Open 4th"]
[Site "London"]
[Date "2024.07.20"]
[Round "5.28"]
[White "Zhang, Junyi"]
[Black "Britton, Richard L"]
[Result "1/2-1/2"]
[WhiteElo "1957"]
[BlackElo "2112"]
[PlyCount "46"]
[EventDate "2024.07.18"]
[EventType "swiss"]
[EventRounds "9"]
[EventCountry "ENG"]
[SourceTitle "BritBase"]
[Source "John Saunders"]
[SourceDate "2024.08.27"]
[SourceVersion "1"]
[SourceVersionDate "2024.08.27"]
[SourceQuality "1"]

1. e4 c5 2. Nf3 d6 3. d4 cxd4 4. Nxd4 Nf6 5. f3 e6 6. c4 Be7 7. Nc3 O-O 8. Be3 a6 9. Be2 Qc7 10. O-O Nbd7 11. Qd2 b6 12. Rfd1 Bb7 13. Rac1 Rac8 14. b3 Qb8 15. Bf1 Bd8 16. Nde2 Bc7 17. Bf4 Ne5 18. Be3 Rcd8 19. h3 Rfe8 20. Nd4 Ned7 21. Qc2 Rc8 22. Qd2 Rcd8 23. Qc2 Rc8 1/2-1/2

[Event "Mindsports Open 4th"]
[Site "London"]
[Date "2024.07.20"]
[Round "5.29"]
[White "Brackmann, Hendrik"]
[Black "Fellowes, Billy"]
[Result "0-1"]
[WhiteElo "2086"]
[BlackElo "2063"]
[PlyCount "132"]
[EventDate "2024.07.18"]
[EventType "swiss"]
[EventRounds "9"]
[EventCountry "ENG"]
[SourceTitle "BritBase"]
[Source "John Saunders"]
[SourceDate "2024.08.27"]
[SourceVersion "1"]
[SourceVersionDate "2024.08.27"]
[SourceQuality "1"]

1. e4 Nc6 2. Nf3 d6 3. d4 Nf6 4. Nc3 g6 5. Be2 Bg7 6. O-O O-O 7. d5 Nb8 8. Be3 c6 9. a4 Nbd7 10. a5 Nc5 11. Nd2 h5 12. h3 Qc7 13. Bf3 Nfd7 14. Nc4 Ne5 15. Nxe5 Bxe5 16. Bd4 Nd7 17. Ra3 Nf6 18. Qd2 Bxd4 19. Qxd4 Bd7 20. b4 Rfc8 21. Be2 c5 22. bxc5 Qxc5 23. Qxc5 Rxc5 24. Rb1 Rac8 25. Rbb3 R8c7 26. a6 bxa6 27. Bxa6 h4 28. Bd3 Kg7 29. Ne2 e6 30. dxe6 Bxe6 31. Rb1 d5 32. exd5 Bxd5 33. Rba1 Be4 34. Rxa7 Rxa7 35. Rxa7 Bxd3 36. cxd3 Rc2 37. Kf1 Rd2 38. Nf4 g5 39. Ke1 Rb2 40. Ne6+ Kg6 41. Nf8+ Kg7 42. Ne6+ Kg6 43. Nf8+ Kg7 44. Nd7 Nd5 45. Ne5 Kf6 46. d4 Nf4 47. Rxf7+ Ke6 48. Rxf4 gxf4 49. Ng6 Kf5 50. Nxh4+ Ke4 51. Kf1 Ra2 52. Kg1 Ra1+ 53. Kh2 Rf1 54. f3+ Ke3 55. d5 Rd1 56. d6 Kf2 57. Ng6 Ke3 58. Nh4 Rd5 59. Kg1 Rg5 60. Kf1 Rb5 61. Ng6 Rd5 62. g3 Kxf3 63. Ke1 fxg3 64. d7 Ke3 65. Kf1 Kf3 66. Ke1 g2 0-1

[Event "Mindsports Open 4th"]
[Site "London"]
[Date "2024.07.21"]
[Round "6.1"]
[White "Urkedal, Frode Olav Olsen"]
[Black "Janik, Igor"]
[Result "1/2-1/2"]
[WhiteElo "2551"]
[BlackElo "2511"]
[PlyCount "48"]
[EventDate "2024.07.18"]
[EventType "swiss"]
[EventRounds "9"]
[EventCountry "ENG"]
[SourceTitle "BritBase"]
[Source "John Saunders"]
[SourceDate "2024.08.27"]
[SourceVersion "1"]
[SourceVersionDate "2024.08.27"]
[SourceQuality "1"]

1. d4 Nf6 2. c4 e6 3. Nf3 Bb4+ 4. Nbd2 Be7 5. e4 d5 6. e5 Nfd7 7. h4 c5 8. cxd5 exd5 9. Bd3 Nc6 10. Qe2 cxd4 11. Nb3 Nc5 12. Nxc5 Bxc5 13. Bf4 Bb4+ 14. Kf1 h6 15. a3 Be7 16. b4 a6 17. h5 Bg4 18. Qb2 Qb6 19. Nh4 Bxh4 20. Rxh4 Be6 21. Qd2 Qd8 22. g3 Qd7 23. Re1 Rc8 24. b5 axb5 1/2-1/2

[Event "Mindsports Open 4th"]
[Site "London"]
[Date "2024.07.21"]
[Round "6.2"]
[White "Golding, Alex"]
[Black "Teclaf, Pawel"]
[Result "1/2-1/2"]
[WhiteElo "2296"]
[BlackElo "2559"]
[PlyCount "48"]
[EventDate "2024.07.18"]
[EventType "swiss"]
[EventRounds "9"]
[EventCountry "ENG"]
[SourceTitle "BritBase"]
[Source "John Saunders"]
[SourceDate "2024.08.27"]
[SourceVersion "1"]
[SourceVersionDate "2024.08.27"]
[SourceQuality "1"]

1. e4 Nf6 2. e5 Nd5 3. c4 Nb6 4. c5 Nd5 5. Nc3 Nxc3 6. bxc3 d6 7. cxd6 exd6 8. exd6 Bxd6 9. Nf3 O-O 10. Be2 b6 11. O-O Bb7 12. d4 Nd7 13. Bg5 Be7 14. Bf4 Bd6 15. Bg5 Be7 16. Bf4 h6 17. Re1 Bd6 18. Bxd6 cxd6 19. Bd3 Nf6 20. Nh4 g6 21. Qd2 Kg7 22. Re3 Nh5 23. g3 Qg5 24. Qe1 Nf4 1/2-1/2